Länder nach niedrigstem höchstem Gebäude - Statistiken

Allgemein
  • Dieses Quiz wurde 9 mal gespielt
  • Das Durchschnittsergebnis liegt bei 11 aus 20
Antwortstatistiken
Gebäude Höhe in m Land % Korrekt
Kapitol der *** 15 Marshall Inseln
78%
Level 5 Hotel 15 Mikronesien
67%
OD-N-Aiwo Hotel 17 Nauru
67%
Anglikanische Kirche St. George 26 St. Kitts und Nevis
67%
Gebäude der Nationalversicherung 25 St. Lucia
67%
*** Regierungsgebäude 16 Tuvalu
67%
Grand Hotel and Casino *** 22 Vanuatu
67%
St. John's Kathedrale 21 Antigua und Barbuda
56%
Finanzzentrum 26 Dominica
56%
Waldorf Apartments 23 Grenada
56%
*** Parlamentsgebäude 15.5 Kiribati
56%
Palasia Hotel 25 Palau
56%
Anthony Saru Gebäude 21 Salomonen
56%
*** Regierungsgebäude 34 Samoa
56%
St George's Palast 23 Tonga
56%
Badjanani Moschee 36 Komoren
44%
Le Chantier Mall 30 Seychellen
44%
Monte Palácio 21 São Tomé und Príncipe
33%
NICE Gebäude 39 Eritrea
22%
Le Panoramique Hotel 32 Burundi
11%
Keine übereinstimmenden Quizze gefunden
Verteilung der Resultate
Anzahl Personen mit jedem Resultat
Perzentil nach korrekt beantworteten Fragen
Ihre Resultats-Entwicklung
Sie haben dieses Quiz noch nicht gespielt